000 00712nam a2200193Ia 4500
003 LDD
008 190117s9999 xx 000 0 und d
020 _a8170167191
_c₹160
040 _cLDD
041 _ahi
082 _a8H3.7 भा6442
100 _aशरत्, सत्येन्द्र
245 0 _aभारतीय भाषाओं की श्रेष्ठ कहानियां
_cसत्येन्द्र शरत्
260 _aनई दिल्ली
_bकिताबघर प्रकाशन
_c2006
300 _a172पृ.
901 _aKGP
904 _aReqst by : Rita Rani Paliwal
942 _2ddc
_cH
999 _c170413
_d170413